[Event "GER-chT U16"]
[White "Joeres, Roman"]
[Black "Jusman, Jesse Samuel"]
[Site "Magdeburg"]
[Round "6.4"]
[Result "1/2-1/2"]
[Date "2014.12.29"]
[WhiteElo "1454"]
[BlackElo "1253"]
[PlyCount "81"]
[EventDate "2014.12.27"]
[EventType "team-swiss"]
[EventRounds "7"]
[EventCountry "GER"]
[SourceTitle "EXT 2016"]
[Source "ChessBase"]
[SourceDate "2015.10.08"]
[SourceVersion "1"]
[SourceVersionDate "2015.10.08"]
[SourceQuality "1"]
[WhiteTeam "Karlsruhe"]
[BlackTeam "Gau Algesheim"]
[WhiteTeamCountry "GER"]
[BlackTeamCountry "GER"]

1. d4 d5 2. c4 c6 3. Nf3 Nf6 4. Nc3 e6 5. b3 Nbd7 6. e3 Bd6 7. Bd3 0-0 8. 0-0 e5 9. dxe5 Nxe5 10. Nxe5 Bxe5 11. Bb2 Re8 12. Qe2 d4 13. exd4 Bxh2+ 14. Kxh2 Rxe2 15. Bxe2 Qxd4 16. Rad1 Qh4+ 17. Kg1 Ng4 18. Bxg4 Bxg4 19. Rd4 Rd8 20. g3 Qg5 21. Ne4 Qe7 22. Ba3 Qc7 23. Bd6 Qc8 24. f3 Bf5 25. Rfd1 Bxe4 26. Rxe4 f5 27. Re7 Re8 28. Rde1 Rxe7 29. Rxe7 Qd8 30. c5 b6 31. b4 a5 32. a3 bxc5 33. bxc5 h6 34. g4 fxg4 35. fxg4 Qc8 36. Re4 Kf7 37. Kg2 Kg6 38. Kg3 h5 39. gxh5+ Kxh5 40. Re5+ Kh6 41. Kh4 1/2-1/2

[Event "GER-chT U16"]
[White "Jusman, Jesse Samuel"]
[Black "Rothermel, Henrik"]
[Site "Magdeburg"]
[Round "3.4"]
[Result "0-1"]
[Date "2014.12.28"]
[WhiteElo "1253"]
[BlackElo "1082"]
[PlyCount "70"]
[EventDate "2014.12.27"]
[EventType "team-swiss"]
[EventRounds "7"]
[EventCountry "GER"]
[SourceTitle "EXT 2016"]
[Source "ChessBase"]
[SourceDate "2015.10.08"]
[SourceVersion "1"]
[SourceVersionDate "2015.10.08"]
[SourceQuality "1"]
[WhiteTeam "Gau Algesheim"]
[BlackTeam "Gernsheim"]
[WhiteTeamCountry "GER"]
[BlackTeamCountry "GER"]

1. e4 e5 2. Nf3 Nc6 3. Bc4 Bc5 4. 0-0 d6 5. h3 Qf6 6. d3 Qg6 7. Ng5 Be6 8. Nxe6 fxe6 9. Kh2 0-0-0 10. Nc3 Nge7 11. Na4 d5 12. Bxd5 exd5 13. Nxc5 Qd6 14. Qg4+ Kb8 15. Ne6 h5 16. Qxg7 Qxe6 17. Qg3 dxe4 18. dxe4 Qc4 19. Bg5 Rdg8 20. f4 Qxe4 21. fxe5 Nf5 22. Qf4 Qxf4+ 23. Bxf4 Nh4 24. Bg3 Nxg2 25. Kxg2 h4 26. Rf3 hxg3 27. e6 Rh6 28. Re1 Ne7 29. Rf7 Re8 30. Kxg3 Rg8+ 31. Kf4 Rh4+ 32. Ke5 Nc6+ 33. Kf5 Nd4+ 34. Kf6 Rh6+ 35. Ke7 Nc6+ 0-1

[Event "GER-chT U16"]
[White "Hoang, Viet Long"]
[Black "Jusman, Jesse Samuel"]
[Site "Magdeburg"]
[Round "2.4"]
[Result "1-0"]
[Date "2014.12.27"]
[WhiteElo "1648"]
[BlackElo "1253"]
[PlyCount "39"]
[EventDate "2014.12.27"]
[EventType "team-swiss"]
[EventRounds "7"]
[EventCountry "GER"]
[SourceTitle "EXT 2016"]
[Source "ChessBase"]
[SourceDate "2015.10.08"]
[SourceVersion "1"]
[SourceVersionDate "2015.10.08"]
[SourceQuality "1"]
[WhiteTeam "Magdeburg USC"]
[BlackTeam "Gau Algesheim"]
[WhiteTeamCountry "GER"]
[BlackTeamCountry "GER"]

1. e4 c5 2. Nf3 Nc6 3. d4 cxd4 4. Nxd4 e6 5. Be3 a6 6. Nc3 Nf6 7. f3 Qc7 8. Qd2 Bd6 9. 0-0-0 Bxh2 10. Nxc6 bxc6 11. g4 Be5 12. g5 Ng8 13. f4 Bxc3 14. Qxc3 f6 15. Be2 Bb7 16. Bh5+ g6 17. Bxg6+ Ke7 18. gxf6+ Kd8 19. f7 Ke7 20. Bc5+ 1-0

[Event "GER-chT U14"]
[White "Saenger, Julius"]
[Black "Jusman, Jesse Samuel"]
[Site "Magdeburg"]
[Round "1.4"]
[Result "1/2-1/2"]
[Date "2012.12.27"]
[WhiteElo "1029"]
[BlackElo "1138"]
[PlyCount "44"]
[EventDate "2012.12.27"]
[EventType "team-swiss"]
[EventRounds "7"]
[EventCountry "GER"]
[SourceTitle "EXT 2014"]
[Source "ChessBase"]
[SourceDate "2013.11.20"]
[SourceVersion "1"]
[SourceVersionDate "2013.11.20"]
[SourceQuality "1"]
[WhiteTeam "Hohentuebingen"]
[BlackTeam "Gau Algesheim"]
[WhiteTeamCountry "GER"]
[BlackTeamCountry "GER"]

1. e4 e5 2. Nf3 Nc6 3. Bb5 Bc5 4. c3 Nf6 5. d4 exd4 6. cxd4 Bb6 7. e5 Qe7 8. 0-0 Nd5 9. a3 d6 10. Re1 0-0 11. Bg5 Qe6 12. Bxc6 bxc6 13. Nc3 Qg6 14. Nxd5 cxd5 15. Qb3 h6 16. Bh4 Be6 17. exd6 cxd6 18. Bg3 Rab8 19. Qc3 Rbc8 20. Qb3 Rb8 21. Qc3 Rbc8 22. Qb3 Rb8 1/2-1/2